000 05649 a2200253 4500
003 NALT
005 20240403134748.0
008 240322b th ||||| |||| 00| 0 tha d
020 _a9786169396512
040 _aNALT
050 _aJQ 1745.A55A87
_bธ243ค 2565
100 0 _aธนาธร จึงรุ่งเรืองกิจ
_962179
245 1 0 _aคิดไปข้างหน้า :
_bรวมวิสัยทัศน์ว่าด้วยการเมือง เศรษฐกิจ และก้าวต่อไปของประเทศไทย /
_cธนาธร จึงรุ่งเรืองกิจ.
250 _aพิมพ์ครั้งที่ 1.
260 _aกรุงเทพฯ :
_bมูลนิธิคณะก้าวหน้า,
_c2565.
300 _a(9), 299 หน้า :
_bภาพประกอบ ;
_c24 ซม.
505 0 _aคำนำผู้เขียน 4 ปีของการเดินทางบนเส้นทางการเมือง -- ภาค 1 อนาคตใหม่คือผู้คนและการเดินทาง -- ก้าวแรกสู่อนาคตใหม่ -- ภารกิจทางประวัติศาสตร์ของชาวอนาคตใหม่ -- 1 ปือนาคตใหม่ เดินไปด้วยกัน -- ความในใจจากวันนั้นถึงวันนี้ -- ภาค 2 ไทย 2 เท่า คนไทยเท่าเทียมกัน ประเทศไทยเท่าทันโลก -- อนาคตใหม่ X ไทย 2 เท่า -- พิมพ์เขียวประเทศไทย -- ไฮเปอร์ลูป ความเป็นไปได้ทางเศรษฐกิจและอุตสาหกรรมใหม่ -- เพียงสมรภูมิหนึ่งในการเดินทางอันยาวไกล -- การแสวงหาฉันทามติครั้งใหม่ของสังคมการเมืองไทย -- มองโลกผ่านห่วงโซ่การผลิตโลก จุดเปลี่ยนเศรษฐกิจไทย -- ภาค 3 ทลายทุนผูกขาด : การบินไทย รถไฟฟ้า การท่าสัมปทาน -- ทลายเศรษฐกิจผูกขาด -- บทบาทของกลุ่มทุนใหญ่ที่ควรจะเป็นในประเทศไทย -- การปิดบริการรถไฟฟ้าในช่วงการชุมนุม -- ของอร่อยที่สุดคือ…ภาษีประชาชน -- การบินไทย ยังไงดี -- ภาค 4 รื้อรัฐไทย: กองทัพ งบประมาณ ราชการส่วนพระองค์ รัฐราชการรวมศูนย์ปฏิรูปกองทัพอย่างไรให้ไม่เป็นแค่การแ(ส)ดง -- 6 ปีรัฐประหาร 90 วันปฏิรูปกองทัพ ได้เวลาทวงสัญญาประชาชน -- อนาคตงบประมาณไทย อนาคตใหม่ประชาชน -- ประเทศไทยมีศักยภาพในการสร้างรัฐสวัสดิการหรือไม่ -- เงินนอกงบประมาณต้องโปร่งใสและมีประสิทธิภาพ -- ปรับงบประมาณส่วนราชการในพระองค์ -- มูลนิธิปิดทองหลังพระ ภารกิจและงบประมาณที่ซ้ำซ้อน -- ยุติรัฐราชการรวมศูนย์ ทำลายโซ่ตรวนที่ฉุดรั้งการพัฒนาประเทศ -- ภาค 5 ก้าวต่อไปของประเทศไทยหลังวิกฤตโควิด-19 -- มาตรการสำหรับสถานการณ์ที่แย่ที่สุด โดยหวังว่าจะไม่ไปถึงจุดนั้นจริงๆ -- ประเทศไทย 2021 : ข้อเสนอจัดการโควิดและวิกฤตเศรษฐกิจ -- วัคซีนพระราชทาน ใครได้ใครเสีย -- เจาะ 3 พ.ร.ก. ก้าวต่อไปประเทศไทยหลังโควิด-19 -- โควิดระลอกสองหลังเปิดเมือง และเงินกู้ 1 ล้านล้านบาท -- ทางเลือกของคนรุ่นใหม่กับเศรษฐกิจไทยที่ยังไม่ move on.
600 0 4 _aธนาธร จึงรุ่งเรืองกิจ
_xทัศนะทางการเมืองและสังคม
_963470
651 4 _aไทย
_zการเมืองและการปกครอง
_y2561-2564
_963467
651 4 _aไทย
_xภาวะเศรษฐกิจ
_93477
651 4 _aไทย
_xภาวะสังคม
_9458
942 _cGB
_2lcc
996 _asaiphon.d
_bCATSTF
_c2024-03-22
999 _c104851
_d104851
998 _j1524
_k นางสาวศรัณย์ภร ชำนาญป่า